000 00616nam a2200217Ia 4500
003 GCL
008 140319s9999 xx 000 0 ara d
040 _aGCL /
_cGCL
082 0 4 _a370.1934
_bا ا
100 1 _aعلى احمد مدكور
245 1 0 _aلغة الطفل /
_cعلى احمد مدكور
260 _a[S.N] :
_bسفير ،
_c1994
300 _a94 ص
490 _aسفير التربوية
_v0
650 0 4 _aالتربية
650 0 4 _aالاطفال
650 0 4 _aالتليفزيون
650 0 4 _aعلم نفس الطفل
650 0 4 _aالاطفال المعوقون
942 _2ddc
_cBK
999 _c34926
_d34926